| 000 | 00438cam a2200193ua 4500 | ||
|---|---|---|---|
| 001 | 7333 | ||
| 005 | 20260515114208.0 | ||
| 008 | 141224n ii |||gr||||Z||||||ben | ||
| 040 | _cMAIN | ||
| 041 | _aben | ||
| 082 | _a891.442 | ||
| 100 |
_aTagore, R., _eAuthor. |
||
| 245 |
_aMalini _cBy Rabindranath Tagore |
||
| 250 | _a1st. | ||
| 260 |
_aKolkatta: _bBiswabharati, _c1968. |
||
| 300 | _a71p. | ||
| 653 | _aBengali drama | ||
| 942 | _cBK | ||
| 999 |
_c6453 _d6453 |
||